000 01117cam a22002651 4500
001 5792
003 BD-RjUL
005 20211208234128.0
008 140107s1964 ncu b 001 0 eng
035 _a(BD-RjUL)5831
040 _aDLC
_cDLC
_dDLC
_dBD-RjUL
_beng
041 _aeng
082 _223
_a370.91724
_bPOS 1964
245 1 0 _aPost-primary education and political and economic development /
_cC. Arnold Anderson [...et.al] Edited by Don C. Piper and Taylor Cole.
260 _aDurham, N.C. :
_bPublished for the Duke University Commonwealth-Studies Center
_cDuke University Press,
_cc1964.
300 _axii, 238 p. ;
_c23 cm.
490 1 _aDuke University Commonwealth-Studies Center. Publication
_vno. 20
504 _aBibliographical footnotes and index.
650 0 _aEducational sociology.
_918194
650 0 _aNewly independent states.
_95878
700 1 _aCole, Taylor,
_d1906- [from old catalog]
_ejoint ed.
_918195
856 _uhttp://www.worldcat.org/title/post-primary-education-and-political-and-economic-development/oclc/189490&referer=brief_results
942 _2ddc
_cBK
999 _c5792
_d5792